00866nam a2200229 a 4500008004100000020002500041020002500066020002500091111005500116245016900171260003700340300003900377300004300416300003900459500002000498504004100518650003000559700002000589003000100609005001700610040000900627  a0080299490 (pbk.) 2v a0080299490 (pbk.) 3v a0080299474 (pbk.) 4v2 aSolar World Congressn(8th :d1983 :cPerth, W.A.)10aSolar world congress :bproceedings of the Eighth Biennial Congress of the International Solar Energy Society, Perth, 14-19 August, 1983 /cedited by S.V. Szokolay. aOxford :bPergamon Press,c1984. a2v (v, 1361 p.), :bill. ;c23 cm. a3v (xxvi, 2063 p.), :bill. ;c24 cm.  a4v (v, 2797 p.), :bill. ;c23 cm. aIncludes index. aIncludes bibliographical references. 0aSolar energyxCongresses.1 aSzokolay, S. V.20230123134351.0 cNUST